Elecciones y parlamentarios (Record no. 8864)

MARC details
000 -LEADER
campo de control de longitud fija 00806nam a2200205 i 4500
001 - NÚMERO DE CONTROL
campo de control 8864
003 - IDENTIFICADOR DE NÚMERO DE CONTROL
campo de control ES-MaACL
005 - FECHA Y HORA DE LA ÚLTIMA TRANSACCIÓN
campo de control 20230906145541.0
008 - DATOS DE LONGITUD FIJA--INFORMACIÓN GENERAL
campo de control de longitud fija 131114s1993 sp ||||1| spa d
020 ## - NÚMERO INTERNACIONAL ESTÁNDAR DEL LIBRO
Número Internacional Estándar del Libro 84-7788-979-1
080 ## - NÚMERO DE LA CLASIFICACIÓN DECIMAL UNIVERSAL
Número de la Clasificación Decimal Universal 324(460.28)(091)
100 1# - ENTRADA PRINCIPAL--NOMBRE DE PERSONA
Nombre de persona González Calleja, Eduardo.
9 (RLIN) 58482
245 10 - MENCIÓN DEL TÍTULO
Título Elecciones y parlamentarios
Resto del título : dos siglos de historia en Castilla-La Mancha /
Mención de responsabilidad, etc. Eduardo González Calleja, Javier Moreno Luzón.
260 ## - PUBLICACIÓN, DISTRIBUCIÓN, ETC.
Lugar de publicación, distribución, etc. [Toledo] :
Nombre del editor, distribuidor, etc. Servicio de Publicaciones, Junta de Comunidades de Castilla-La Mancha,
Fecha de publicación, distribución, etc. [1993]
300 ## - DESCRIPCIÓN FÍSICA
Extensión 322 p. :
Otras características físicas il. col., gráf., mapas ;
Dimensiones 30 cm +
Material acompañante/anejo 1 mapa.
504 ## - NOTA DE BIBLIOGRAFÍA, ETC.
Nota de bibliografía, etc. Bibliografía: p. 313-322.
650 #4 - PUNTO DE ACCESO ADICIONAL DE MATERIA--TÉRMINO DE MATERIA
Término de materia o nombre geográfico como elemento de entrada Elecciones-
Subdivisión geográfica Castilla-La Mancha-
Subdivisión de forma Historia.
9 (RLIN) 153827
700 0# - ENTRADA AGREGADA--NOMBRE PERSONAL
Nombre de persona Moreno Luzón, Javier.
9 (RLIN) 83397
852 ## - LOCALIZACIÓN
Ubicación ES-MaACL
Número de control de estantería C-35676
Holdings
Estatus retirado Estado de pérdida Estado de daño No para préstamo Biblioteca de origen Biblioteca actual Ubicación en estantería Fecha de adquisición Fuente de adquisición Total de préstamos Signatura topográfica completa Código de barras Visto por última vez Precio de reemplazo Tipo de ítem Koha
        Biblioteca del Ateneo de Madrid Biblioteca del Ateneo de Madrid Depósito 2 17/01/2008     C-35676 1009051 23/02/2023 23/02/2023 Libro impreso